Statistics for One Word Countries On The Equator

Click here to take the quiz!

General Stats

  • This quiz has been taken 24 times
  • The average score is 7 of 10

Answer Stats

Answer% Correct
Brazil
100%
Ecuador
96%
Indonesia
92%
Kenya
79%
Colombia
75%
Uganda
63%
Gabon
58%
Somalia
58%
Maldives
29%
Kiribati
21%

Score Distribution

Percentile by Number Answered

Percent of People with Each Score

Your Score History

You have not taken this quiz